ការវាយតំលៃជនបទតាមបែបចូលរួម (Record no. 9751)
[ view plain ]
| 000 -LEADER | |
|---|---|
| fixed length control field | 00310nam a22001217a 4500 |
| 040 ## - CATALOGING SOURCE | |
| Transcribing agency | HS |
| 082 ## - DEWEY DECIMAL CLASSIFICATION NUMBER | |
| Classification number | 307 |
| 100 ## - MAIN ENTRY--AUTHOR NAME | |
| Personal name | BLESILDA M. CALUB |
| 245 ## - TITLE STATEMENT | |
| Title | ការវាយតំលៃជនបទតាមបែបចូលរួម |
| 260 ## - PUBLICATION, DISTRIBUTION, ETC. (IMPRINT) | |
| Place of publication | Germany |
| Name of publisher | BLESILDA M. CALUB |
| Year of publication | 2003 |
| 300 ## - PHYSICAL DESCRIPTION | |
| Number of Pages | 86p; |
| 942 ## - ADDED ENTRY ELEMENTS (KOHA) | |
| Koha item type | សៀវភៅភាសាខ្មែរ |
| 952 ## - LOCATION AND ITEM INFORMATION (KOHA) | |
| Withdrawn status [LOCAL, KOHA] | 0 |
| Permanent Location | Date acquired | Koha item type | Lost status | Shelving location | Barcode | Current Location | Full call number |
|---|---|---|---|---|---|---|---|
| Library Block C | 2016-09-08 | សៀវភៅភាសាខ្មែរ | C234 | RUA42136 | Library Block C | 307 BLE 2003 C234 |